Deutsch <Ein> Lehrbuch für Ausländer
Uložené v:
| Médium: | Kniha |
|---|---|
| Jazyk: | German |
| Vydavateľské údaje: |
Leipzig
Enzyklopädie
1982
|
| Vydanie: | 2. unveränd. Aufl. |
| Tagy: |
Žiadne tagy, Buďte prvý, kto otaguje tento záznam!
|
MARC
| LEADER | 00000nam a2200000 4500 | ||
|---|---|---|---|
| 001 | c108416 | ||
| 005 | 20260129131525.3 | ||
| 041 | 0 | |a ger | |
| 044 | |a DE | ||
| 245 | 1 | 0 | |a Deutsch |b <Ein> Lehrbuch für Ausländer |
| 250 | |a 2. unveränd. Aufl. | ||
| 264 | 1 | |a Leipzig |b Enzyklopädie |c 1982 | |
| 300 | |a 104 s. | ||